000 00582cam a2200193 a 4500
001 13482363
005 20240130025043.0
008 030908s2003 ce a 000 0 eng
020 _a9559102540
040 _aDLC
_cDLC
082 _222
_a305.8
245 0 0 _aSri Lanka's peace process--2002 :
_bcritical perspectives /
_cedited by Jayadeva Uyangoda, Morina Perera.
260 _aColombo :
_bSocial Scientists' Association,
_c2003.
300 _axiii, 286 p. :
650 0 _aTamil (Indic people)
700 1 _aUyangoda, Jayadeva.
_eedt
700 1 _aPerera, Morina.
_eedt
942 _cL
999 _c227
_d227